[Event "Alushta1"]
[Site "Alushta"]
[Date "1994.??.??"]
[Round "3"]
[White "Moskalenko, Viktor"]
[Black "Kuzmin, Gennadi P"]
[Result "1/2-1/2"]
[WhiteElo "2535"]
[BlackElo "2505"]
[Annotator "Stohl,I"]
[PlyCount "82"]
[EventDate "1994.01.??"]
[EventType "tourn"]
[EventRounds "9"]
[EventCountry "UKR"]
[EventCategory "8"]
[SourceTitle "CBM 040"]
[Source "ChessBase"]
[SourceDate "1994.06.01"]
[SourceVersion "1"]
[SourceVersionDate "1994.06.01"]
[SourceQuality "1"]

1. d4 {Belov} c5 2. d5 Nf6 3. Nc3 (3. Nf3 b5 (3... e6 4. Nc3 d6 5. e4 exd5 6.
Nxd5 Be7 7. Bb5+ Nc6 8. O-O O-O 9. Bf4 Nxd5 10. exd5 Nb4 11. c3 Na6 12. Ba4 Bf5
13. Bc2 Qd7 14. Re1 Rfe8 15. Qb1 Bg6 16. Bxg6 hxg6 17. Nd2 Bf8 18. Qd3 b5 19.
a4 c4 20. Qd4 Nc5 $132 {Manakova,M-Kuzmin,G/Alushta1/1994/}) 4. Bg5 d6 5. Bxf6
exf6 6. a4 b4 7. e4 a6 8. Bd3 Nd7 9. Nbd2 Ne5 10. Qe2 Be7 11. O-O O-O 12. a5
Nxd3 13. cxd3 f5 14. Nc4 Re8 15. Nb6 Rb8 16. Nd2 Bd7 17. Nxd7 Qxd7 18. Nc4 fxe4
19. dxe4 Bf6 20. Qd3 Bd4 $132 {Tseitlin,MS-Nesterov,J/Tiraspol/1994/}) 3... d6
4. e4 g6 5. Nf3 Bg7 6. Be2 (6. Bb5+ $5 {Belov}) 6... O-O 7. O-O Bg4 (7... Na6
8. Bf4 Nc7 9. a4 b6 10. h3 Bb7 11. Bc4 a6 12. Re1 Qd7 13. Qd3 Rad8 14. Rad1 (
14. Rab1 e6 15. b4 exd5 16. exd5 cxb4 17. Rxb4 b5 18. axb5 axb5 19. Bb3 $14 {
Petursson,M-Watson,W/Reykjavik/1989/}) 14... Qc8 15. Qe3 Rfe8 16. Bh6 Bh8 17.
Ng5 Nd7 18. f4 Bg7 19. Bxg7 Kxg7 20. e5 $40 {Ivanchuk,V-Torre,E/Biel/1989/}) (
7... e6 $5 {Belov}) (7... a6 $6 {Belov} 8. a4 Bg4 9. Nd2 Bxe2 10. Qxe2 Nbd7 11.
Nc4 Nb6 12. Ne3 Re8 13. Rd1 Qc7 14. f3 Rad8 15. a5 Nc8 16. Nc4 $16 {Andersson,
U-Zapata,A/Wijk aan Zee/1987/1:0 (37)/}) 8. Nd2 (8. Re1 Bxf3 9. Bxf3 Nbd7 10.
a4 Ne8 11. Bg5 Nc7 12. Qd2 Re8 13. Be2 a6 14. a5 Qb8 15. Na4 b5 16. axb6 Nxb6
17. c3 Nd7 18. f4 e6 19. Bg4 Nb6 20. Nxb6 Qxb6 21. dxe6 Nxe6 $132 {Gausel,
E-Ionescu,C/Haifa ETC/1989/}) (8. Bg5 Na6 (8... Nbd7 {Belov} 9. Nd2 Bxe2 10.
Qxe2 Re8 11. f4 h6 12. Bh4 Qb6 13. Nc4 Qa6 14. e5 $16 {Larsen,B-Stein,L/Sousse
(izt)/1967/}) 9. Nd2 Bxe2 10. Qxe2 h6 11. Bh4 Qd7 12. Rad1 Rfe8 13. a4 Nc7 14.
Nc4 Qg4 15. Bxf6 Qxe2 16. Nxe2 Bxf6 17. f4 Rad8 18. e5 Bg7 19. Nc3 a6 20. a5
Nb5 21. Na4 $16 {(),Eingorn,V-Hickl,J/Zagreb izt/1987/}) (8. Bf4 {Belov} Nbd7
9. a4 Bxf3 10. Bxf3 Ne8 11. Qd2 a6 12. Be2 Nc7 13. a5 Nb5 14. Nxb5 axb5 15.
Bxb5 Bxb2 $14 {Ribli,Z-Karlsson,L/JUG/1985/}) 8... Bxe2 9. Qxe2 Na6 (9... e6 {
Belov} 10. dxe6 fxe6 11. e5 $1 $16) (9... Nbd7 {Belov} 10. Nc4 Nb6 11. Ne3 Re8
12. a4 e6 13. dxe6 Rxe6 14. a5 Nbd7 15. f3 $16 {Stein,L-Bilek,I/Moscow/1967/})
10. Nc4 Nc7 11. a4 e6 (11... Qd7 12. Bf4 Qg4 $5 13. Qxg4 Nxg4 14. Nb5 Nxb5 15.
axb5 f5 16. Bg5 Bf6 17. Bxf6 Nxf6 18. exf5 Nxd5 19. fxg6 hxg6 20. Rfe1 Rf4 21.
Na5 Kf8 22. g3 Rb4 23. c4 Nc7 $14 {Bany-Tumurhuyag/Bytom/1988/}) (11... b6 12.
Bg5 Qc8 13. Qf3 h6 $2 14. Nxd6 Qd8 15. Bxf6 Bxf6 16. Nc4 Bd4 17. Qh3 Kh7 18.
Rad1 Qe8 19. b3 $16 {Dizdar,G-Pytel,K/Jurmala/1983/}) (11... a6 {Belov} 12. a5
Nd7 13. Na4 Nb5 14. c3 Qc7 15. Bf4 $14 {Tukmakov,V-Georgadze,T/Dechin/1977/0,5
(43) Inf 24/94/}) (11... Na6 {Belov} 12. Nb5 $1 $16) 12. Bg5 $5 (12. Rd1 exd5
13. exd5 Qd7 14. Qf3 Nfe8 15. Ne4 b5 $2 (15... f5 $14) 16. axb5 Nxb5 {Srienz,
C-Zsifkovits,P/Donau op/1992/} 17. Nb6 $1 $16) (12. Nxd6 $6 Qxd6 13. e5 Qd7 14.
exf6 Bxf6 15. dxe6 Nxe6 16. Ne4 Bg7 17. c3 Rfe8 18. Bh6 Qc6 19. Bxg7 Kxg7 20.
Qf3 f5 21. Nd2 Qxf3 22. Nxf3 Nf4 23. Rad1 $10 {Whiteley,A-Kuzmin,G/Cappelle op/
1993/}) (12. Qd3 {Belov} exd5 13. exd5 Nfe8 14. Bf4 f5 15. Rfe1 $14) 12... exd5
13. Nxd5 (13. exd5 Qd7 (13... h6 $1 {Belov} 14. Bxf6 $8 Bxf6 15. Ne4 Be7 16. f4
f5 $13) 14. Qf3 Ng4 $132) 13... Ncxd5 14. exd5 Qd7 15. Bxf6 $1 (15. Qf3 Ng4 $10
) (15. Rad1 {Belov} Rfe8 16. Qf3 Ne4 17. Bf4 f5 $10) 15... Bxf6 16. Qf3 Bg7 17.
c3 $14 {><d6} Rae8 (17... Rfe8 {Belov} 18. Qg3 Bf8 $14) 18. Rfe1 Qxa4 $6 (18...
Re7 $5 19. Rxe7 Qxe7 20. Qe3 Qxe3 21. fxe3 $14) 19. Nxd6 $36 Rxe1+ 20. Rxe1 Qa2
(20... Qa6 $142 21. Ne8 $36) 21. g3 $1 Qa6 (21... Qxb2 22. Re8 $1 {/\Qf7} f5 (
22... Rxe8 {Belov} 23. Qxf7+ Kh8 24. Qxe8+ $18) 23. Qe3 $40) 22. Ne8 $16 Qb5
23. Qe2 (23. Nxg7 Kxg7 24. d6 Qd7 (24... Qc6 25. Qf4 $5 {/\Re7}) 25. Qd5 $16 {
/\Re7}) 23... Qxe2 24. Rxe2 f5 $8 25. Re7 (25. Nd6 $6 Rd8 26. Nxb7 Rxd5 $14)
25... Rf7 26. Rxf7 Kxf7 27. Nd6+ (27. Nxg7 Kxg7 28. c4 a6 29. Kf1 b5 30. b3 b4
31. Ke2 Kf6 $10) 27... Kf6 28. Nxb7 (28. f4 $5 b6 29. Nc8 $16) 28... Ke5 $8 29.
c4 $5 (29. d6 Ke6 (29... Kd5 30. d7 Bf6 31. d8=Q+ Bxd8 32. Nxd8 Kc4 33. Kf1 Kb3
34. Ke2 Kxb2 35. Kd3 a5 36. Nb7 a4 37. Nxc5 a3 38. Kc4 a2 39. Nb3 Ka3 40. Na1
Kb2 41. Kd3 $1 Kxa1 42. Kc2 $18) 30. Kf1 c4 31. Ke2 Bf6 32. d7 $1 Kxd7 33. Na5
$16) 29... Kd4 30. b3 (30. d6 Kxc4 31. d7 Bf6 $44) 30... Bf8 (30... Kc3 $2 31.
Nxc5 $18) 31. d6 Bxd6 (31... Kc3 {Belov} 32. d7 Be7 33. Nxc5 Kb4 34. Ne6 Kxb3
35. c5 $18) 32. Nxd6 Kc3 33. Nb7 (33. Nb5+ Kxb3 34. Nxa7 Kxc4 35. Kg2 Kd3 36.
Kf3 c4 37. Nb5 g5 $1 $10) 33... Kxb3 34. Nxc5+ Kxc4 35. Nb7 Kb5 36. Kf1 (36. f4
{Belov} a5 37. Nxa5 Kxa5 38. Kf2 Kb5 39. Ke3 Kc4 $10) 36... a5 37. Ke2 $2 (37.
Nxa5 $1 Kxa5 38. Ke2 Kb4 39. Ke3 Kc3 40. Kf4 Kd2 41. Kg5 Ke2 42. f4 Kf3 43. Kh6
Kg4 44. Kxh7 g5 45. fxg5 (45. h3+ $2 Kxg3 $1 (45... Kh5 $2 46. fxg5 Kxg5 47.
Kg7 f4 48. h4+ $1 Kg4 49. gxf4 $18) 46. fxg5 f4 47. g6 f3 48. g7 f2 49. g8=Q+
Kxh3 $10) 45... Kxg5 46. Kg7 Kg4 (46... f4 47. h4+ $18) 47. Kg6 $18) 37... a4
38. Kd3 Kb4 39. Kc2 Kc4 $1 40. f4 Kd4 41. Nd6 Ke3 (41... Ke3 42. Nf7 (42. Nc4+
{Belov} Kf2 43. Kd3 Kg2 44. Ke2 Kxh2 45. Kf2 $10) (42. Ne8 $2 {Belov} Kf2 43.
Nf6 h5 $1 44. Nd7 Kg2 45. Ne5 Kxh2 46. Nxg6 Kxg3 $19) 42... Kf2 43. Ng5 h6 $1 (
43... Kg2 44. Nxh7 Kxh2 45. Nf8 Kxg3 46. Nxg6 $18) 44. Nf7 Kg2 45. Nxh6 Kxh2
$10) 1/2-1/2

[Event "Hoogovens"]
[Site "Wijk aan Zee"]
[Date "1997.02.02"]
[Round "13"]
[White "Nikolic, Predrag"]
[Black "Sokolov, Ivan"]
[Result "1/2-1/2"]
[WhiteElo "2655"]
[BlackElo "2615"]
[Annotator "Stohl,I"]
[PlyCount "102"]
[EventDate "1997.01.18"]
[EventType "tourn"]
[EventRounds "13"]
[EventCountry "NED"]
[EventCategory "16"]
[SourceTitle "CBM 057"]
[Source "ChessBase"]
[SourceDate "1997.04.01"]
[SourceVersion "1"]
[SourceVersionDate "1997.04.01"]
[SourceQuality "1"]

1. d4 Nf6 2. Nf3 c5 3. d5 b5 $5 {This line has alwys been considered
advantageous for White, but some recent games show matters are not that simple.
It's also a logical choice, as an attempt to transpose into main-line Modern
Benoni positions with 3...e6 is well answered by 4.Nc3!?, giving White a
slight, but unpleasant edge.} 4. a4 $5 {An interesting alternative to what is
considered the main move} (4. Bg5 Qb6 (4... d6 5. Bxf6 exf6 6. e4 a6 7. a4 b4
8. Bd3 g6 9. Nbd2 Bg7 10. Nc4 a5 11. O-O O-O 12. Nfd2 $1 (12. c3 Ba6 13. Ne3
Bc8 14. Nc4 Ba6 15. Ne3 Bc8 16. Nd2 Nd7 17. Nec4 Ne5 18. Nxe5 fxe5 19. cxb4
cxb4 20. Nc4 Bh6 21. Qe2 $11 {1/2,Gelfand,B-Leko,P/Groningen/1996/}) 12... Bb7
13. Qf3 Nd7 14. Qg3 Ne5 15. Rad1 f5 16. exf5 Bxd5 17. b3 Re8 18. Ne3 Bc6 19.
Be4 Qc7 20. Qf4 Rad8 21. Bd5 Bd7 22. f6 Bf8 23. Ndc4 Be6 24. h4 Bxd5 25. Nxd5
Qa7 26. Rfe1 Nxc4 27. Qxc4 $16 {Burmakin,V-Shevelev,A/Linares op/1997/}) 5.
Bxf6 (5. c3 a6 6. Bxf6 Qxf6 7. e4 d6 8. Be2 Nd7 9. O-O Rb8 10. a4 b4 11. Nfd2
g5 $1 {[%csl Ge5][%cal Rf8g7,Gg7b2] A typical resource. Black's white squares
are very weak, so he looks for counterplay on the black squares. This advance
develops the strong B to it's best square g7 and guarantees Black control of
e5.} 12. Nc4 Ne5 13. Nbd2 Nxc4 14. Nxc4 bxc3 15. bxc3 Bg7 16. Ra3 O-O 17. a5
Qg6 18. Nb6 Qxe4 19. Nxc8 Rbxc8 20. Bxa6 Rc7 21. Qb3 e6 22. Bb7 Bxc3 23. Qb6
Qb4 24. Qxc7 Qxa3 25. a6 c4 {Garcia Ilundain,D-Izeta,F/San Roque/1996/} 26.
dxe6 fxe6 27. Qxc4 d5 $13) 5... Qxf6 (5... exf6 6. e4 c4 7. Be2 Bc5 8. O-O a6
9. a4 Bb7 10. Nc3 O-O 11. axb5 axb5 12. Rxa8 Bxa8 13. b3 cxb3 14. cxb3 Re8 15.
Nxb5 Rxe4 16. Bc4 Re8 17. Qd3 Na6 18. Nc3 Nb4 19. Qf5 g6 20. Qxd7 Rd8 21. Qg4
Nxd5 22. Na4 Qb4 23. Nxc5 Qxc5 24. Rd1 Rf8 25. Qd4 Qxd4 26. Nxd4 Nb6 27. Bb5
Rd8 28. f3 f5 29. Kf2 f4 $11 {Horvath,Jo-Seres,L/HUN-ch Budapest/1996/}) 6. c3
d6 7. Qb3 a6 8. a4 bxa4 9. Rxa4 e6 10. e4 Nd7 11. Nbd2 Be7 12. Be2 O-O 13. O-O
exd5 14. exd5 Rb8 15. Qa2 Nb6 16. Ra3 Bb7 17. c4 Rfe8 18. Bd3 Nd7 19. Rb3 Bf8
20. Qb1 g6 21. Re1 Rxe1+ 22. Qxe1 Qd8 23. Ne4 Bc8 24. Rxb8 Nxb8 25. b4 Nd7 26.
Qc3 cxb4 27. Qxb4 Nc5 $15 {[%csl Gc8,Gf8] ^^,Kovacevic,S-Izeta,F/Ubeda op 1997/
0-1/}) 4... b4 (4... Qa5+ 5. Bd2 (5. Qd2 Qxd2+ 6. Nbxd2 Nxd5 7. axb5 a6 8. e4
Nb6 9. Be2 g6 10. Kd1 Bb7 11. Re1 Bg7 12. c3 O-O 13. Bf1 axb5 14. Rxa8 Bxa8 15.
Bxb5 Bc6 16. Bxc6 Nxc6 17. Kc2 d6 18. Nf1 Rb8 19. Ne3 Kf8 20. Bd2 Ra8 21. Nd5
Nc4 22. Bc1 Rb8 $11 {1/2,Lau,U-Sadilkova,V/Dortmund op-A/1993/}) 5... b4 6. c4
d6 7. Qc2 g6 8. e4 Bg7 9. Bd3 Nbd7 10. O-O Ng4 11. Be2 Nge5 12. Nxe5 Nxe5 13.
f4 Ng4 14. Bxg4 Bd4+ 15. Kh1 Bxg4 16. f5 $1 $40 {[%csl Rg4] ץg4,Fatalibekova,
E-Sidorova,E/Moscow-W/1995/}) (4... bxa4 5. Nc3 d6 6. Rxa4 g6 7. e4 Bg7 8. Be2
O-O 9. O-O Nbd7 10. Nd2 Nb6 11. Ra3 Ne8 12. Nc4 Nxc4 13. Bxc4 Nc7 14. Be3 a6
15. Qe2 Rb8 16. Ra2 Bd7 17. Nd1 Bb5 18. c3 Qd7 19. Bd3 Bxd3 20. Qxd3 Rb7 21.
Qd2 Rfb8 22. Bh6 $14 {Apkhaidze,N-Zielinska,M/Szombathely EU-chJW/1993/}) 5.
Bg5 (5. c4 d6 (5... bxc3 $6 6. Nxc3 Ba6 7. Bg5 d6 8. Bxf6 exf6 9. e4 Bxf1 10.
Kxf1 Nd7 11. g3 Rb8 12. Ra2 Be7 13. Kg2 O-O 14. Nd2 Qa5 15. Qc2 a6 16. b3 Rfe8
17. Nc4 Qb4 18. Rb2 Ne5 19. Na2 Qb7 20. Nxe5 dxe5 21. Rd1 Red8 22. Qc4 Qc8 23.
Rbd2 Bd6 24. Qc2 Rb6 25. Rd3 Qb7 26. Rc3 Bf8 27. Nc1 f5 28. f3 $16 {
Mikhalchishin,A-Alburt,L/URS-FL Ashkhabad/1978/}) 6. Nbd2 g6 (6... e5 7. e4 g6
8. Be2 Bg7 9. h3 Nh5 10. Ng1 Nf4 11. g3 Nxe2 12. Qxe2 Qe7 13. b3 f5 14. Bb2 O-O
15. Ngf3 Bh6 16. Kf1 Nd7 17. Kg2 Nf6 18. exf5 gxf5 19. Ne1 Bd7 20. f4 e4 21.
Kh2 Kf7 22. Nc2 Rg8 23. Raf1 Rg6 24. Rhg1 Rag8 25. Ne3 Bg7 $15 {Beckhuis,
G-Schulz,T/2BLN/1990/}) 7. b3 Bg7 8. Bb2 O-O 9. e4 e6 10. Qc2 Re8 11. O-O-O Ng4
12. Bxg7 Kxg7 13. Qb2+ e5 14. Nb1 f5 15. exf5 Bxf5 16. h3 Nf6 17. Nbd2 e4 18.
g4 Bc8 19. Ng5 e3 20. Nde4 h6 21. Ne6+ Bxe6 22. dxe6 Rxe6 23. Bg2 Nbd7 24. Nxf6
Nxf6 25. Bd5 e2 26. Rde1 Re5 $36 {De Firmian,NE-Gurevich,D/Lexington act/1995/}
) (5. g3 Bb7 6. c4 bxc3 7. Nxc3 d6 8. Bg2 g6 9. O-O Bg7 10. Nd2 O-O 11. Re1 Na6
12. Nc4 Nb4 13. Bg5 Ba6 14. Na3 Nd7 15. Nab5 Ne5 16. Qc1 Re8 17. Bf1 Qb6 18.
Rb1 Bc8 19. f4 Nd7 20. Kg2 Bb7 21. e4 $14 {[%csl Gd5,Ge4,Gf4] [+],Djurkovic,
M-Traudes,W/Aschach op/1996/}) 5... d6 (5... Qb6 6. a5 Qb7 7. Bxf6 exf6 8. g3 (
8. e4 $142 $14) 8... d6 9. Bg2 g6 10. O-O Bg7 11. Nbd2 O-O 12. Nc4 Qc7 13. Nfd2
Ba6 14. e4 Nd7 15. f4 Rfe8 16. Qf3 Rad8 17. Rae1 Bc8 18. g4 Nf8 19. h4 Qd7 20.
g5 Qc7 21. gxf6 Bxf6 22. h5 Bd4+ 23. Kh1 Qe7 $36 {Ostergaard,J-Brynell,S/
Hillerod Politiken Cup/1995/}) 6. e3 g6 (6... Nbd7 $5 {is maybe better.}) 7.
Bxf6 (7. Bc4 Bg7 8. Nbd2 O-O 9. e4 Ba6 $2 {Exchanging the defender of the weak
white squares is a serious positional mistake.} (9... Nbd7 $142) 10. Qe2 Bxc4
11. Nxc4 a5 12. O-O Nbd7 13. Nfd2 Nb6 14. f4 Nxc4 15. Nxc4 Qc7 16. Qd3 Qb7 17.
Rad1 Ng4 18. Qe2 Qa6 19. b3 h5 20. h3 Nh6 21. Bxe7 $18 {Pereyra,D-Dishman/
Badalona op/1993/}) 7... exf6 8. Bb5+ Nd7 {Naturally Sokolov doesn't play the
inferior} (8... Bd7 $2 9. Qd3 Bg7 10. c3 $5 $36) 9. c3 $1 $146 {[%csl Rd6] A
strong and important novelty. Black is lagging in development and his pawn
structure is weakened. By opening the position White gets play against the
weaknesses. (><d6)} (9. Nbd2 $143 f5 10. Nc4 Be7 11. c3 bxc3 12. bxc3 O-O 13.
Bc6 Rb8 14. O-O Nf6 15. Qc2 Ba6 $132 {Gomez,M-Matamoros,C/Orense op/1995/})
9... bxc3 10. Nxc3 f5 11. O-O Bg7 $6 ({A safer and better move due to the
vulnerability of the Pd6 is} 11... Be7 $142 12. b4 Bf6 (12... cxb4 13. Qd4 O-O
14. Qxb4 {[%cal Rf3d4,Rd4c6] /\Nd4-c6|^}) 13. Qb3 $14 (13. bxc5 $2 Bxc3 14. Rc1
Qa5 $1 15. cxd6 O-O $17)) 12. Bc6 Rb8 13. Nb5 O-O (13... Qe7 14. Nxa7 Bxb2 15.
Ra2 $16 {[%csl Ga4] o^a}) 14. Nxd6 Ba6 {[%csl Ga6,Gg7]} (14... Rxb2 $143 15.
Nxc8 Qxc8 16. Rc1 Rb4 17. Nd2 $1 $16 {[%cal Yd2b3] The c5-pawn is extremely
weak and material will not remain equal for long (Nb3) Sokolov chooses a
better practical chance. He sacrifices a pawn, relying on his ^^ and the
slightly tangled white minor pieces on the <<.}) 15. Nb5 Nf6 $5 (15... Bxb2 16.
Rb1 Bf6 17. Qc2 $16 {[%csl Ra7,Rc5,Gd5] ><c5,a7,o^d}) 16. Qc1 $1 (16. Qc2 Nxd5
$1 17. Qxc5 (17. Rfd1 Nb4 $13) 17... Nb6 $132) 16... Qb6 (16... Nxd5 $2 17. Rd1
$18) 17. Nd2 Rbd8 18. Nc4 Qb8 19. Rd1 (19. d6 $5 Ne4 20. d7 $16) 19... Bc8 20.
d6 Be6 (20... a6 21. Nc3 Be6 22. Nd5 $16) 21. h3 (21. Ra3 $5 {/\} a6 22. Nc7
Bxc4 23. Qxc4 Qxb2 $2 24. Rb3 Qe5 25. f4 $18) 21... a6 22. Nc7 Rxd6 $5 {
Again the best practical decision, otherwise Black just can't move at all!} (
22... Bxc4 23. Qxc4 Rxd6 24. Rxd6 Qxc7 25. Rad1 $18) 23. Nxd6 Qxc7 24. Bf3 Rb8
(24... Rd8 25. Nc4 Rxd1+ 26. Bxd1 $16) 25. Rd2 $1 (25. Nc4 $143 Rb4 26. Be2 Ne4
$132) 25... Rb4 26. a5 h5 27. Qc2 $6 {Not an outright mistake, but now the
tactics start and Nikolic will proceed to lose his way.} ({A safer and better
alternative was} 27. Be2 $1 $16 {[%cal Ye2c4,Yd6c4,Re2a6] with ideas like Nc4,
Bc4,Ba6 Black doesn't have sufficient compensation for the exchange.}) 27...
Ne4 $5 28. Ne8 $1 {[]} (28. Nxe4 $2 fxe4 29. Be2 (29. Bxe4 $2 Rxb2 30. Qxb2 (
30. Qd1 Rxd2 31. Qxd2 Bxa1 $19) 30... Bxb2 31. Rxb2 Qe5 $19) 29... Rxb2 30.
Qxb2 Bxb2 31. Rxb2 c4 $36) 28... Qe7 29. Nxg7 $2 {But this is a tactical
blunder, now Black regains the exchange.} ({White should have played} 29. Bxe4
$1 Qxe8 (29... Rxb2 $2 30. Qc1 (30. Nxg7 Rxc2 31. Bxc2 Kxg7 $13) 30... Rxd2 31.
Nxg7 $16) 30. Rad1 $1 {[]} Qb5 31. Bd5 Rxb2 32. Qc1 {+/=/+/- still enables
White to retain the extra exchange and winning chances.}) 29... Nxd2 30. Qxd2
Kxg7 31. Rc1 c4 $11 (31... Qf6 32. Rxc5 Rxb2 33. Qd4 $1 $14 {[%csl Ga6] _|_,
><a6}) 32. Bd5 $1 {[%csl Ra5,Rb2] The best, otherwise after Rb3 and Qb4 (Qf6)
White would have problems with his weak pawns.} Bxd5 33. Qxd5 Qe4 $1 (33...
Rxb2 $143 34. Qd4+ $1 Qf6 35. Qxf6+ Kxf6 36. Rxc4 {loses the a6-pawn.}) 34. Qc5
Rb5 35. Qc7 (35. Qxc4 Qxc4 36. Rxc4 Rxa5 $11) 35... Qe5 36. Rxc4 Qxb2 ({
Simpler was} 36... Qxc7 37. Rxc7 Rxa5 $11) 37. Rc5 Qa1+ 38. Kh2 Rb1 39. Qe7
Rh1+ 40. Kg3 Rc1 41. Rd5 (41. Rxc1 Qxc1 42. Qd6 Qc4 $11) 41... Rc6 42. Rd8 Qf6
(42... Qxa5 $4 43. Qf8+ Kf6 44. Qh8+ Ke6 45. Qe8+ $18) 43. Qe8 Kh6 $8 44. Rd7
Re6 $1 (44... Kg7 $2 45. Rxf7+ Qxf7 46. Qxc6 $16) 45. Qf8+ (45. Qxf7 Qxf7 46.
Rxf7 Re5 $11) 45... Qg7 46. Qxg7+ (46. Rxf7 Qxf8 47. Rxf8 Re5 $11) 46... Kxg7
47. Ra7 Kf6 48. h4 Rc6 49. Kf3 Kg7 50. g3 (50. Kf4 Kf6 51. e4 fxe4 52. Kxe4 Ke6
$11) 50... Re6 51. Ra8 Kh7 1/2-1/2

[Event "RUS-ch U20"]
[Site "Ekaterinburg"]
[Date "1996.??.??"]
[Round "6"]
[White "Dyachkov, Sergej"]
[Black "Malakhov, Vladimir"]
[Result "1-0"]
[WhiteElo "2505"]
[BlackElo "2535"]
[Annotator "Stohl,I"]
[PlyCount "51"]
[EventDate "1996.??.??"]
[EventType "tourn"]
[EventRounds "11"]
[EventCountry "RUS"]
[EventCategory "8"]
[SourceTitle "CBM 054"]
[Source "ChessBase"]
[SourceDate "1996.10.01"]
[SourceVersion "1"]
[SourceVersionDate "1996.10.01"]
[SourceQuality "1"]

1. d4 c5 2. d5 d6 3. e4 Nf6 4. Nc3 g6 5. f4 Bg7 6. Bb5+ Nfd7 (6... Bd7 7. e5 $5
Ng8 $8 8. Nf3 $14 {()}) (6... Nbd7 $2 7. e5 {[%cal Re5e6] /\e6+-}) 7. a4 O-O 8.
Nf3 Na6 9. O-O Nc7 10. Bd3 {[%csl Gd5,Ge4,Gf4] (),[+]} (10. Qe1 $5 Nxb5 11.
axb5 e6 (11... Nb6 12. f5 gxf5 13. Qg3 f6 14. exf5 Bxf5 15. Nh4 Bxc2 16. Bh6
Rf7 17. Rf2 Kh8 18. Rxc2 Bxh6 19. Nf5 Bf8 20. Re2 Qd7 21. Qf3 Nc4 22. Qh5 Ne5
23. Rf1 e6 24. dxe6 Qxe6 25. Rd1 Re8 26. Re4 $44 {Martin,AD-Losev,D/Moscow op
Russian Winter/1991/}) 12. dxe6 fxe6 13. Ng5 Nb6 14. Qg3 e5 15. Nd5 Nxd5 16.
exd5 Bf5 17. fxe5 Bxe5 18. Bf4 Bxb2 19. Rae1 Bf6 20. Ne6 Bxe6 21. dxe6 Qe7 22.
Qb3 Rad8 23. Bh6 Bd4+ 24. Kh1 Rxf1+ 25. Rxf1 d5 26. Qf3 {1-0,Hodgson,Ju-Tozer,
R/Benidorm op/1989/}) (10. Bc4 a6 11. Qe1 (11. Qe2 b5 12. axb5 Nb6 13. Bd3 c4
14. Qf2 cxd3 15. Qxb6 dxc2 16. Qf2 axb5 17. Rxa8 Nxa8 18. Nd4 Bxd4 19. Qxd4 Qb6
20. Ne2 Bg4 21. Qxb6 Nxb6 22. Nd4 Bd1 $17 {Kovacevic,Vlado-Jakobsen,O/
Amsterdam IBM-B/1973/}) 11... Rb8 12. a5 b5 13. axb6 Nxb6 14. Bd3 Nb5 15. Nxb5
axb5 16. c3 Bd7 17. Ra7 Na4 18. e5 Ra8 19. Rxa8 Qxa8 20. e6 $36 {Walti,R-Zvara,
P/Praha Bohemians/1991/}) (10. Be2 a6 11. Nd2 b6 12. Nc4 Rb8 13. Re1 (13. h3
Nf6 14. Be3 Bd7 15. e5 Nfe8 16. exd6 exd6 17. Bf3 b5 18. axb5 axb5 19. Na5 b4
20. Na4 Nb5 21. Nc4 Nd4 22. c3 Nf5 23. Bd2 Bb5 24. Qb3 bxc3 25. bxc3 Nc7 26. g4
Ne7 $17 {Johnsen,S-Gullaksen,E/Gausdal IM/1995/}) 13... Bb7 14. Bf1 b5 15. axb5
axb5 16. Na5 Ba8 17. Qf3 e6 18. Nc6 Bxc6 19. dxc6 b4 20. Ne2 Nb6 21. Rd1 Nb5
22. Ra5 Nc8 23. Ra6 Rb6 24. Rxb6 Qxb6 25. f5 Nd4 $17 {Mack,A-Jackson,O/BCF-ch/
1992/}) (10. Re1 a6 11. Bf1 Nf6 12. a5 Rb8 13. Na4 e6 14. c4 exd5 15. exd5 Re8
16. Ra3 Bg4 17. Rae3 Rxe3 18. Bxe3 Nce8 19. Bd2 Nd7 20. h3 Bd4+ 21. Kh2 Bxf3
22. Qxf3 Ng7 23. Bd3 h5 24. b4 cxb4 25. Bxb4 Qf6 26. Bb1 b5 27. Nc3 $1 $36 {
Ibragimov,I-Velickovic,S/Katerini GP/1993/}) 10... a6 (10... e6 $142 11. dxe6
fxe6 (11... Nxe6 12. Nd5 Nf6 13. f5 $36) 12. Kh1 (12. f5 $5 $14) 12... a6 13.
Qe1 Rb8 14. a5 b5 15. axb6 Nxb6 16. e5 c4 17. Be2 Bb7 18. Qg3 Bxf3 19. Bxf3 d5
20. Be3 Qe7 21. Ne2 Nd7 22. Bd4 Rf7 23. Bg4 Rbf8 24. Rf3 Nc5 25. Raf1 Ne4 26.
Qe1 Rb8 27. Bh3 Nb5 $132 {Shipov,S-Malakhov,V/Groningen op/1994/}) 11. Qe1 {
The Qe1-h4 maneuver, followed by f5,Bh6,Ng5 etc. is the standard attacking
procedure in these positions.} Rb8 12. f5 $1 $36 (12. a5 e6 $14) 12... b5 13.
axb5 axb5 14. Qh4 c4 15. Be2 e5 $2 (15... b4 $142 16. Nd1 Nf6 (16... gxf5 17.
Bh6 $40) 17. Nf2 $1 $36 (17. Bh6 $6 Bxh6 18. Qxh6 Nxe4 $15) (17. Bxc4 gxf5 18.
Bh6 Nxe4 $5 $132)) 16. dxe6 fxe6 (16... Qxh4 17. exf7+ Rxf7 18. Nxh4 $16) 17.
Bg5 $40 Qe8 (17... Bf6 18. fxg6 hxg6 19. e5 $1 Nxe5 (19... dxe5 20. Ne4 $18)
20. Nxe5 Bxg5 21. Rxf8+ Qxf8 $8 22. Qxg5 dxe5 23. Rf1 Qg7 24. Qd8+ Kh7 25. Ne4
$18) 18. Be7 Bf6 (18... exf5 $142 $5 19. Bxf8 Nxf8 $16) 19. Bxf6 Nxf6 (19...
Rxf6 20. Ng5 Qe7 (20... Nf8 21. Nxe6 $18) 21. e5 $1 (21. fxg6 $6 hxg6 (21...
Rxg6 22. Rf7) 22. Rxf6 Nxf6 23. Rf1 Nce8 $16) 21... dxe5 (21... Nxe5 22. Nce4
Rxf5 23. Rxf5 exf5 24. Nf6+ $1 Qxf6 25. Qxh7+ Kf8 26. Qxc7 Qxg5 27. Qxb8 $18)
22. fxg6 hxg6 23. Nce4 $40) 20. e5 $1 {The winning breakthrough.} dxe5 21. fxg6
hxg6 22. Nxe5 $18 {[%csl Re6,Rg6,Rg8] ><e6,g6,Kg8 Black's position is
hopeless-his pieces are uncoordinated and unable to beat off the attack of
White's centralized forces.} Kg7 23. Rf3 Nd7 (23... Nfd5 24. Rxf8 Qxf8 25. Rf1
Qc5+ 26. Kh1 $18) 24. Qd4 $1 Rxf3 $8 (24... Nxe5 25. Qxe5+ $18) (24... Kg8 25.
Nxg6 $1 Rxf3 (25... Qxg6 26. Rg3) 26. Qh8+ Kf7 27. Qh7+ Kf6 28. Ne4+ $18) (
24... Nf6 25. Rg3 $18) 25. Bxf3 Kg8 (25... Nf6 26. Ra7 Qe7 27. Nc6 $18) 26. Bc6
1-0